[Event "Mecklenburg VP-ch Seniors op 09th"]
[Site "Binz"]
[Date "2009.12.09"]
[Round "9.47"]
[White "Tessmer, Herbert"]
[Black "Koelbel, Wolfgang"]
[Result "1/2-1/2"]
[WhiteElo "1627"]
[BlackElo "1507"]
[PlyCount "97"]
[EventDate "2009.12.01"]
[EventType "swiss"]
[EventRounds "9"]
[EventCountry "GER"]
[SourceTitle "EXT 2022"]
[Source "ChessBase"]
[SourceDate "2021.10.06"]
[SourceVersion "1"]
[SourceVersionDate "2021.10.06"]
[SourceQuality "1"]

1. e4 Nf6 2. e5 Nd5 3. c4 Nb6 4. c5 Nd5 5. Nc3 Nxc3 6. dxc3 e6 7. Qg4 h5 8. Qg3 Qe7 9. b4 a5 10. Bd2 h4 11. Qg5 Qxg5 12. Bxg5 axb4 13. cxb4 Nc6 14. Bd2 Nxe5 15. f4 Nc6 16. Nf3 Be7 17. a3 Bf6 18. Ra2 d6 19. Bb5 Bd7 20. 0-0 dxc5 21. bxc5 Rh5 22. Be3 Ra5 23. a4 Be7 24. Rd2 Bxc5 25. Bxc5 Rxc5 26. Rfd1 Rd5 27. Rxd5 exd5 28. Rxd5 Ra8 29. Nxh4 Be6 30. Rc5 Kd7 31. Nf3 Kd6 32. Rg5 g6 33. Kf2 Bb3 34. Bxc6 bxc6 35. a5 c5 36. f5 gxf5 37. Rxf5 Rxa5 38. Ng5 Ra2+ 39. Kg3 Ra3 40. Ne4+ Ke6 41. Rxc5 Bc2+ 42. Rc3 Rxc3+ 43. Nxc3 c5 44. Kf4 c4 45. g4 Bh7 46. h4 Kd6 47. h5 Ke6 48. g5 Bf5 49. Ne4 1/2-1/2

[Event "Mecklenburg VP-ch Seniors op 09th"]
[Site "Binz"]
[Date "2009.12.08"]
[Round "8.44"]
[White "Garms, Ilse"]
[Black "Tessmer, Herbert"]
[Result "1/2-1/2"]
[WhiteElo "1516"]
[BlackElo "1627"]
[PlyCount "42"]
[EventDate "2009.12.01"]
[EventType "swiss"]
[EventRounds "9"]
[EventCountry "GER"]
[SourceTitle "EXT 2022"]
[Source "ChessBase"]
[SourceDate "2021.10.06"]
[SourceVersion "1"]
[SourceVersionDate "2021.10.06"]
[SourceQuality "1"]

1. d4 e6 2. c4 c5 3. dxc5 Bxc5 4. e3 Nf6 5. Nf3 0-0 6. Be2 d5 7. 0-0 Nc6 8. Nbd2 e5 9. Nb3 Bb6 10. Bd2 Bg4 11. cxd5 Qxd5 12. h3 Bh5 13. Rc1 Rad8 14. Nh2 Bxe2 15. Qxe2 Qe4 16. Bc3 Nd5 17. Nd2 Nxc3 18. Rxc3 Qd5 19. Nb3 Rd7 20. Rfc1 Rfd8 21. Nf3 h6 1/2-1/2

[Event "Mecklenburg VP-ch Seniors op 09th"]
[Site "Binz"]
[Date "2009.12.07"]
[Round "7.37"]
[White "Tessmer, Herbert"]
[Black "Fleischer, Matthias"]
[Result "0-1"]
[WhiteElo "1627"]
[BlackElo "1761"]
[PlyCount "48"]
[EventDate "2009.12.01"]
[EventType "swiss"]
[EventRounds "9"]
[EventCountry "GER"]
[SourceTitle "EXT 2022"]
[Source "ChessBase"]
[SourceDate "2021.10.06"]
[SourceVersion "1"]
[SourceVersionDate "2021.10.06"]
[SourceQuality "1"]

1. e4 c5 2. c3 e6 3. d4 Nc6 4. Nf3 cxd4 5. cxd4 a6 6. Nc3 Bb4 7. Bd3 Nge7 8. Bg5 0-0 9. 0-0 Ba5 10. Rc1 b5 11. a3 Bb7 12. Re1 Bb6 13. Be3 Na5 14. d5 d6 15. dxe6 fxe6 16. Ng5 Bxe3 17. Rxe3 Nf5 18. exf5 Qxg5 19. Rg3 Qf6 20. Qg4 exf5 21. Bxf5 g6 22. Be6+ Kg7 23. Rf1 Rae8 24. Bd5 Qxf2+ 0-1

[Event "Mecklenburg VP-ch Seniors op 09th"]
[Site "Binz"]
[Date "2009.12.02"]
[Round "2.52"]
[White "Tessmer, Herbert"]
[Black "Maczollek, Helmut"]
[Result "1/2-1/2"]
[WhiteElo "1627"]
[BlackElo "1391"]
[PlyCount "44"]
[EventDate "2009.12.01"]
[EventType "swiss"]
[EventRounds "9"]
[EventCountry "GER"]
[SourceTitle "EXT 2022"]
[Source "ChessBase"]
[SourceDate "2021.10.06"]
[SourceVersion "1"]
[SourceVersionDate "2021.10.06"]
[SourceQuality "1"]

1. e4 e5 2. Nf3 Nc6 3. Bb5 a6 4. Ba4 Nf6 5. 0-0 b5 6. Bb3 d6 7. Ng5 d5 8. exd5 Nxd5 9. Nxf7 Kxf7 10. Qf3+ Qf6 11. Bxd5+ Be6 12. Qxf6+ gxf6 13. Bxc6 Rd8 14. d3 Rg8 15. Re1 Rd4 16. Be3 Rdg4 17. g3 R4g6 18. f4 h5 19. fxe5 h4 20. Bf4 hxg3 21. Bxg3 Bc5+ 22. Kh1 Rh8 1/2-1/2

[Event "GER-ch Seniors Gp-B 19th"]
[Site "Templin"]
[Date "2007.08.30"]
[Round "8"]
[White "Tessmer, Herbert"]
[Black "Augustat, Siegfried"]
[Result "1/2-1/2"]
[WhiteElo "1630"]
[BlackElo "1712"]
[PlyCount "40"]
[EventDate "2007.08.23"]
[EventType "swiss"]
[EventRounds "9"]
[EventCountry "GER"]
[SourceTitle "EXT 2022"]
[Source "ChessBase"]
[SourceDate "2021.10.06"]
[SourceVersion "1"]
[SourceVersionDate "2021.10.06"]
[SourceQuality "1"]

1. c4 c6 2. d4 d5 3. e3 Nf6 4. Nc3 Bf5 5. cxd5 cxd5 6. Qb3 b6 7. Bb5+ Bd7 8. Nxd5 e6 9. Nxf6+ gxf6 10. Bd2 Bxb5 11. Qxb5+ Qd7 12. Qxd7+ Kxd7 13. Ne2 Nc6 14. 0-0 Bd6 15. Rac1 Rac8 16. a3 a6 17. e4 b5 18. f4 Rhg8 19. Rf3 Rg7 20. Rfc3 Rgg8 1/2-1/2

[Event "GER-ch Seniors Gp-B 19th"]
[Site "Templin"]
[Date "2007.08.26"]
[Round "4"]
[White "Tessmer, Herbert"]
[Black "Weller, Friedhelm"]
[Result "1-0"]
[WhiteElo "1630"]
[BlackElo "1756"]
[PlyCount "87"]
[EventDate "2007.08.23"]
[EventType "swiss"]
[EventRounds "9"]
[EventCountry "GER"]
[SourceTitle "EXT 2022"]
[Source "ChessBase"]
[SourceDate "2021.10.06"]
[SourceVersion "1"]
[SourceVersionDate "2021.10.06"]
[SourceQuality "1"]

1. e4 e5 2. Nf3 d6 3. d4 Nd7 4. dxe5 dxe5 5. Bc4 h6 6. 0-0 Ngf6 7. Nc3 c6 8. a4 a5 9. Be3 Be7 10. h3 0-0 11. Qe2 Bb4 12. Bd3 Re8 13. Rad1 Qe7 14. Nb1 Nf8 15. c3 Bd6 16. Nbd2 Bc7 17. Nc4 b5 18. axb5 cxb5 19. Na3 b4 20. Nb5 Ng6 21. cxb4 axb4 22. Rc1 Ba5 23. Bc5 Qd7 24. Nd6 Nf4 25. Qe3 Nxd3 26. Nxe8 Qxe8 27. Qxd3 Ba6 28. Qe3 Bxf1 29. Rxf1 Qe6 30. Ra1 Ra6 31. Qd3 Ra8 32. Rxa5 Rxa5 33. Qd8+ Qe8 34. Qxa5 Nxe4 35. Qxb4 Nf6 36. Be3 Nd7 37. Qd6 f6 38. b4 Nf8 39. Qd5+ Kh8 40. b5 Qb8 41. b6 Ng6 42. Qd7 e4 43. Nd2 Qe5 44. b7 1-0

[Event "GER-ch Seniors Gp-B 19th"]
[Site "Templin"]
[Date "2007.08.25"]
[Round "3"]
[White "Tessmer, Herbert"]
[Black "Meinhardt, Guenther"]
[Result "1-0"]
[WhiteElo "1630"]
[BlackElo "1710"]
[PlyCount "27"]
[EventDate "2007.08.23"]
[EventType "swiss"]
[EventRounds "9"]
[EventCountry "GER"]
[SourceTitle "EXT 2022"]
[Source "ChessBase"]
[SourceDate "2021.10.06"]
[SourceVersion "1"]
[SourceVersionDate "2021.10.06"]
[SourceQuality "1"]

1. e4 d5 2. exd5 Nf6 3. d4 Nxd5 4. Nf3 Bf5 5. a3 e6 6. Bb5+ c6 7. Ba4 Qa5+ 8. c3 Bg4 9. Bc2 Bd6 10. h3 Bxf3 11. Qxf3 Qc7 12. 0-0 0-0 13. b3 Bf4 14. Nd2 1-0

[Event "Niedersachsen-ch Seniors op 10th"]
[Site "Bad Bevensen"]
[Date "2007.07.11"]
[Round "9"]
[White "Lange, Lutz"]
[Black "Tessmer, Herbert"]
[Result "1-0"]
[WhiteElo "1728"]
[BlackElo "1549"]
[PlyCount "89"]
[EventDate "2007.07.03"]
[EventType "swiss"]
[EventRounds "9"]
[EventCountry "GER"]
[SourceTitle "EXT 2022"]
[Source "ChessBase"]
[SourceDate "2021.10.06"]
[SourceVersion "1"]
[SourceVersionDate "2021.10.06"]
[SourceQuality "1"]

1. d4 c5 2. c4 e6 3. d5 exd5 4. cxd5 d6 5. Nc3 Nf6 6. e4 g6 7. Nf3 a6 8. a4 Bg7 9. Be2 0-0 10. 0-0 Bg4 11. Nd2 Bxe2 12. Qxe2 Nbd7 13. Nc4 Nb6 14. f3 Re8 15. Nxb6 Qxb6 16. a5 Qc7 17. Be3 Nd7 18. Qc2 b5 19. axb6 Qxb6 20. Ra2 Rac8 21. Rfa1 Nb8 22. Kh1 Qb7 23. Bf4 Rcd8 24. Qa4 Re7 25. Bg5 f6 26. Bh4 Qb6 27. Bf2 Qb4 28. Qc2 Rb7 29. Be1 Re8 30. Ne2 Qb3 31. Qxb3 Rxb3 32. Bc3 Kf7 33. Nf4 Rb7 34. Ne6 Bh8 35. Ba5 Rxe6 36. dxe6+ Kxe6 37. Bc3 Bg7 38. Rd1 Rd7 39. Raa1 Bf8 40. Kg1 d5 41. exd5+ Rxd5 42. Rxd5 Kxd5 43. Rd1+ Ke6 44. Rd8 Bd6 45. Kf1 1-0

[Event "Niedersachsen-ch Seniors op 10th"]
[Site "Bad Bevensen"]
[Date "2007.07.03"]
[Round "1"]
[White "Hein, Manfred"]
[Black "Tessmer, Herbert"]
[Result "1-0"]
[WhiteElo "1981"]
[BlackElo "1549"]
[PlyCount "65"]
[EventDate "2007.07.03"]
[EventType "swiss"]
[EventRounds "9"]
[EventCountry "GER"]
[SourceTitle "EXT 2022"]
[Source "ChessBase"]
[SourceDate "2021.10.06"]
[SourceVersion "1"]
[SourceVersionDate "2021.10.06"]
[SourceQuality "1"]

1. e4 e6 2. d4 d5 3. Nc3 Nf6 4. exd5 Nxd5 5. Nxd5 exd5 6. Bd3 Nc6 7. c3 Bd6 8. Be3 0-0 9. Qh5 g6 10. Qxd5 Be6 11. Qb5 Qc8 12. Ne2 a6 13. Qa4 Bd5 14. f3 Re8 15. Bf2 b5 16. Qc2 Na5 17. b3 c5 18. dxc5 Be5 19. Rd1 Nc6 20. 0-0 b4 21. Bxg6 fxg6 22. Rxd5 bxc3 23. a3 Qc7 24. Bg3 Qa5 25. Bxe5 Rxe5 26. Rxe5 Nxe5 27. Qxc3 Qxc3 28. Nxc3 Nd3 29. Ne4 Rc8 30. Rd1 Ne5 31. b4 Nc4 32. Rd3 Ne5 33. Rd4 1-0

[Event "Rhoen/Bad Bocklet Seniors op-B 5th"]
[Site "Bad Bocklet"]
[Date "2004.11.18"]
[Round "1"]
[White "Thielemann, Joachim"]
[Black "Tessmer, Herbert"]
[Result "1-0"]
[WhiteElo "1797"]
[BlackElo "1678"]
[PlyCount "92"]
[EventDate "2004.07.09"]
[EventType "swiss"]
[EventRounds "9"]
[EventCountry "GER"]
[SourceTitle "EXT 2006"]
[Source "ChessBase"]
[SourceDate "2005.11.24"]
[SourceVersion "1"]
[SourceVersionDate "2005.11.24"]
[SourceQuality "1"]

1. e4 e6 2. d4 d5 3. Nd2 c5 4. Ngf3 a6 5. c3 cxd4 6. Nxd4 Bc5 7. N2b3 Bb6 8. exd5 Qxd5 9. Qg4 g6 10. Be3 Nc6 11. Qg3 Nf6 12. Rd1 Nh5 13. c4 Ba5+ 14. Bd2 Bxd2+ 15. Rxd2 Qe4+ 16. Qe3 Qxe3+ 17. fxe3 Bd7 18. Nc5 e5 19. Nxc6 Bxc6 20. Rg1 Nf6 21. Be2 Ke7 22. Bf3 e4 23. Be2 Rhd8 24. Rd4 b6 25. Rxd8 Kxd8 26. Nb3 Ke7 27. Kf2 Rd8 28. Nd4 Bb7 29. b4 Nd7 30. Rc1 Kd6 31. Nb3 Rc8 32. Rd1+ Kc7 33. g4 f6 34. Rd4 Ne5 35. a3 Re8 36. c5 Re6 37. cxb6+ Rxb6 38. Nc5 Bc8 39. Rxe4 Bb7 40. Nxb7 Kxb7 41. g5 Nd7 42. Re7 Kc7 43. Rxh7 fxg5 44. Bg4 Rd6 45. Rxd7+ Rxd7 46. Bxd7 Kxd7 1-0

[Event "Sachsen-Anhalt-ch Seniors 12th"]
[Site "Osterburg"]
[Date "2004.06.16"]
[Round "4"]
[White "Tessmer, Herbert"]
[Black "Schwager, Kurt"]
[Result "0-1"]
[WhiteElo "1656"]
[BlackElo "1862"]
[PlyCount "78"]
[EventDate "2004.06.13"]
[EventType "swiss"]
[EventRounds "7"]
[EventCountry "GER"]
[SourceTitle "EXT 2007"]
[Source "ChessBase"]
[SourceDate "2006.11.23"]
[SourceVersion "1"]
[SourceVersionDate "2006.11.23"]
[SourceQuality "1"]

1. e4 b6 2. d4 Bb7 3. Nc3 e6 4. Bd3 Bb4 5. Nge2 Ne7 6. 0-0 0-0 7. Bg5 f6 8. Bh4 Bxc3 9. Nxc3 Nbc6 10. Be2 Ng6 11. Bg3 Nce7 12. f4 f5 13. e5 Nd5 14. Nxd5 Bxd5 15. c4 Bb7 16. Be1 Be4 17. Rf2 d5 18. Bb4 Rf7 19. c5 c6 20. Rc1 a5 21. Bd2 b5 22. a3 Rf8 23. Qe1 a4 24. Bh5 Nh8 25. g3 Ra7 26. Be2 g6 27. Bf1 Rg7 28. Bg2 Nf7 29. Ba5 Qd7 30. Bd2 Nh6 31. Bh3 Nf7 32. Bg2 g5 33. Be3 Qe7 34. Qd2 h5 35. fxg5 Nxg5 36. Bxg5 Qxg5 37. Qxg5 Rxg5 38. Rf4 Rf7 39. Rcf1 b4 0-1

[Event "Wuerttemberg-ch Seniors 16th"]
[Site "Freudenstadt"]
[Date "2004.05.02"]
[Round "1"]
[White "Tessmer, Herbert"]
[Black "Stadt, Hans"]
[Result "1/2-1/2"]
[WhiteElo "1636"]
[BlackElo "2065"]
[PlyCount "73"]
[EventDate "2004.05.02"]
[EventType "swiss"]
[EventRounds "9"]
[EventCountry "GER"]
[SourceTitle "EXT 2006"]
[Source "ChessBase"]
[SourceDate "2005.11.24"]
[SourceVersion "1"]
[SourceVersionDate "2005.11.24"]
[SourceQuality "1"]

1. e4 d6 2. d4 Nf6 3. Nc3 c6 4. Nf3 b5 5. a3 g6 6. Be2 Bg7 7. 0-0 0-0 8. Bg5 Qc7 9. Qd2 Nbd7 10. Bh6 a6 11. Rfe1 e5 12. Bxg7 Kxg7 13. Qg5 h6 14. Qd2 Re8 15. dxe5 dxe5 16. Rad1 a5 17. Bf1 Bb7 18. b4 Rad8 19. Qc1 axb4 20. axb4 Nf8 21. g3 Bc8 22. h3 g5 23. Rxd8 Qxd8 24. Rd1 Qe7 25. Qb2 Ng6 26. Nh2 Be6 27. Bg2 Rd8 28. Nf1 Rxd1 29. Nxd1 Qd7 30. Nde3 Bxh3 31. Bxh3 Qxh3 32. Nf5+ Kh7 33. Qb3 Kg8 34. Qd3 Ng4 35. Qf3 h5 36. N1e3 Kh7 37. Nxg4 1/2-1/2

[Event "Bad Sooden-Allendorf Seniors op 14th"]
[Site "Bad Sooden-Allendorf"]
[Date "2002.04.28"]
[Round "7"]
[White "Tessmer, Herbert"]
[Black "Fritsch, Wolfgang"]
[Result "1-0"]
[WhiteElo "1652"]
[BlackElo "1834"]
[PlyCount "109"]
[EventDate "2002.04.??"]
[EventType "swiss"]
[EventRounds "9"]
[EventCountry "GER"]
[SourceTitle "EXT 2006"]
[Source "ChessBase"]
[SourceDate "2005.11.24"]
[SourceVersion "1"]
[SourceVersionDate "2005.11.24"]
[SourceQuality "1"]

1. e4 e5 2. Bc4 Nf6 3. d3 d5 4. exd5 Nxd5 5. Nf3 Qd6 6. 0-0 Bg4 7. h3 Bh5 8. c3 Nb6 9. Bb3 Nc6 10. Qe2 0-0-0 11. Bc2 Be7 12. Be3 Nd5 13. Nbd2 Nxe3 14. fxe3 Bg6 15. Ne4 Qd5 16. b4 f5 17. Nf2 Bf6 18. Bb3 Qd6 19. Rac1 Rhe8 20. Rfd1 Qe7 21. e4 Rd6 22. a3 Red8 23. Bc2 Qe6 24. Ne1 Bg5 25. Rb1 Qe8 26. Ba4 Qe7 27. Nf3 Bf4 28. exf5 Bxf5 29. Bc2 Qf6 30. Ne4 Bxe4 31. dxe4 Qe6 32. Bb3 Rxd1+ 33. Bxd1 Ne7 34. Bb3 Qc6 35. c4 Qh6 36. Rd1 Rxd1+ 37. Qxd1 Be3+ 38. Kh1 Qf4 39. c5 Qf6 40. Ba4 Bd4 41. Qd3 Qe6 42. Nxd4 exd4 43. Qxd4 Nc6 44. Qd5 Qxd5 45. exd5 Ne7 46. Bb3 Kd7 47. g4 h6 48. Kg2 b6 49. Kf3 Ng6 50. Ke4 Ne7 51. h4 Kd8 52. h5 Ng8 53. Kf5 Ke7 54. d6+ cxd6 55. cxd6+ 1-0

[Event "Bad Sooden-Allendorf Seniors op 14th"]
[Site "Bad Sooden-Allendorf"]
[Date "2002.04.26"]
[Round "5"]
[White "Tessmer, Herbert"]
[Black "Blickhaeuser, Alfred"]
[Result "1/2-1/2"]
[WhiteElo "1652"]
[BlackElo "1750"]
[PlyCount "58"]
[EventDate "2002.04.??"]
[EventType "swiss"]
[EventRounds "9"]
[EventCountry "GER"]
[SourceTitle "EXT 2006"]
[Source "ChessBase"]
[SourceDate "2005.11.24"]
[SourceVersion "1"]
[SourceVersionDate "2005.11.24"]
[SourceQuality "1"]

1. e4 d6 2. d4 Nf6 3. Nc3 g6 4. Nf3 Bg7 5. h3 0-0 6. Bd3 c5 7. 0-0 cxd4 8. Nxd4 Nc6 9. Be3 Bd7 10. a3 a6 11. Qd2 Rc8 12. Nce2 Ne5 13. Rac1 Nc4 14. Bxc4 Rxc4 15. f3 Rc8 16. c3 Qa5 17. Ng3 Qc7 18. Kh2 d5 19. e5 Ne8 20. f4 e6 21. Nh1 f6 22. Nf3 fxe5 23. fxe5 Bxe5+ 24. Nxe5 Qxe5+ 25. Ng3 Rxf1 26. Rxf1 Nf6 27. Bf4 Ne4 28. Nxe4 Qxe4 29. Bd6 Bb5 1/2-1/2

[Event "Bad Sooden-Allendorf Seniors op 14th"]
[Site "Bad Sooden-Allendorf"]
[Date "2002.04.23"]
[Round "2"]
[White "Rollwitz, Inge"]
[Black "Tessmer, Herbert"]
[Result "0-1"]
[WhiteElo "1433"]
[BlackElo "1652"]
[PlyCount "86"]
[EventDate "2002.04.??"]
[EventType "swiss"]
[EventRounds "9"]
[EventCountry "GER"]
[SourceTitle "EXT 2006"]
[Source "ChessBase"]
[SourceDate "2005.11.24"]
[SourceVersion "1"]
[SourceVersionDate "2005.11.24"]
[SourceQuality "1"]

1. c4 e6 2. Nc3 Nf6 3. d4 d5 4. Nf3 Nbd7 5. b3 Bb4 6. Bb2 c6 7. a3 Ba5 8. b4 Bc7 9. c5 0-0 10. g3 Re8 11. Bg2 e5 12. dxe5 Nxe5 13. 0-0 h6 14. e3 Bg4 15. h3 Nxf3+ 16. Bxf3 Bxh3 17. Re1 Qd7 18. Ne2 Qf5 19. Nd4 Qg6 20. Ne2 Ne4 21. Nf4 Bxf4 22. exf4 f5 23. Bh5 Qe6 24. Bxe8 Rxe8 25. Qd4 Qg6 26. Re3 Rf8 27. Rae1 Rf7 28. R1e2 Qh5 29. f3 Nxg3 30. Re8+ Kh7 31. Rf2 Qg6 32. Kh2 Nf1+ 33. Kh1 Qh5 34. Kg1 Qg6+ 35. Kh1 Ng3+ 36. Kh2 Nh5 37. Re1 Qg3+ 38. Kh1 Qh4 39. Re6 Bg4+ 40. Kg1 Bh3 41. Bc3 Qg3+ 42. Kh1 Nxf4 43. Re1 Bg2+ 0-1

[Event "Bad Woerishofen Seniors op 17th"]
[Site "Bad Woerishofen"]
[Date "2001.03.22"]
[Round "8"]
[White "Fehres, Werner"]
[Black "Tessmer, Herbert"]
[Result "1/2-1/2"]
[WhiteElo "1816"]
[BlackElo "1700"]
[PlyCount "30"]
[EventDate "2001.03.??"]
[EventType "swiss"]
[EventRounds "9"]
[EventCountry "GER"]
[SourceTitle "EXT 2002"]
[Source "ChessBase"]
[SourceDate "2001.11.25"]
[SourceVersion "1"]
[SourceVersionDate "2001.11.25"]
[SourceQuality "1"]

1. e4 e6 2. f4 d5 3. e5 c5 4. c3 Nc6 5. Nf3 Bd7 6. Be2 Qb6 7. d3 Nh6 8. b3 Be7 9. Na3 Nf5 10. Nc2 Rc8 11. Bd2 0-0 12. 0-0 f6 13. g4 Nh6 14. exf6 gxf6 15. h3 Nf7 1/2-1/2

[Event "Bad Woerishofen Seniors op 17th"]
[Site "Bad Woerishofen"]
[Date "2001.03.20"]
[Round "6"]
[White "Tessmer, Herbert"]
[Black "Neumann, Erwin"]
[Result "1-0"]
[WhiteElo "1700"]
[BlackElo "1794"]
[PlyCount "101"]
[EventDate "2001.03.??"]
[EventType "swiss"]
[EventRounds "9"]
[EventCountry "GER"]
[SourceTitle "EXT 2002"]
[Source "ChessBase"]
[SourceDate "2001.11.25"]
[SourceVersion "1"]
[SourceVersionDate "2001.11.25"]
[SourceQuality "1"]

1. e4 e5 2. Nf3 Nf6 3. Nxe5 d6 4. Nf3 Nxe4 5. d4 d5 6. Bd3 Be7 7. 0-0 0-0 8. Re1 Nf6 9. h3 Nc6 10. c3 h6 11. Bf4 Bd6 12. Bxd6 Qxd6 13. Na3 a6 14. Qd2 Be6 15. Ne5 Ne7 16. Qf4 Qb6 17. Re2 Ng6 18. Bxg6 fxg6 19. Nxg6 Rf7 20. Ne5 Rff8 21. Qh4 Ne4 22. Rae1 Rf6 23. Nac4 Qb5 24. Nd2 Nxd2 25. Rxd2 Raf8 26. Qg3 Bf5 27. b3 Qa5 28. Qe3 Re6 29. Rde2 c6 30. Qd2 Qd8 31. Re3 Be4 32. Rg3 Ref6 33. Ng4 Rf4 34. Nxh6+ Kh7 35. Ng4 Qh4 36. Re2 g5 37. Qe3 Kg7 38. Ne5 Kh6 39. Rg4 Qh5 40. Qg3 Bf5 41. Rxf4 Qxe2 42. Rf3 Qxa2 43. Ng4+ Kg7 44. Qc7+ Rf7 45. Qe5+ Kg6 46. Qd6+ Kg7 47. Qh6+ Kg8 48. Nf6+ Rxf6 49. Qxf6 Qb1+ 50. Kh2 Bg6 51. Qxg5 1-0

[Event "Kurpfalz Seniors op 05th"]
[Site "Ludwigshafen"]
[Date "1999.??.??"]
[Round "?"]
[White "Kielgast, Ottomar"]
[Black "Tessmer, Herbert"]
[Result "0-1"]
[WhiteElo "1515"]
[BlackElo "1860"]
[PlyCount "85"]
[EventDate "1999.10.09"]
[EventType "swiss"]
[EventRounds "7"]
[EventCountry "GER"]
[SourceTitle "EXT 2007"]
[Source "ChessBase"]
[SourceDate "2006.11.23"]
[SourceVersion "1"]
[SourceVersionDate "2006.11.23"]
[SourceQuality "1"]

1. d4 Nf6 2. Nf3 c5 3. d5 e6 4. c4 exd5 5. cxd5 d6 6. Nc3 g6 7. e3 Bg7 8. Bd3 0-0 9. 0-0 Bg4 10. h3 Bxf3 11. Qxf3 Nbd7 12. e4 Ne5 13. Qd1 a6 14. Be3 b5 15. f4 Nxd3 16. Qxd3 Nd7 17. Rae1 Qc7 18. Nd1 Qb7 19. Qd2 f5 20. Nf2 Rae8 21. Qc2 fxe4 22. Nxe4 Qxd5 23. Bd2 b4 24. b3 Qd4+ 25. Kh1 d5 26. Ng5 Qf6 27. g3 a5 28. Qd3 Qc6 29. Kh2 h6 30. Nf3 c4 31. bxc4 dxc4 32. Qc2 Rxe1 33. Bxe1 Re8 34. Ng1 Qe4 35. Qxe4 Rxe4 36. Kg2 Bd4 37. Bf2 Bxf2 38. Rxf2 c3 39. Nf3 a4 40. Rc2 Rc4 41. Kf2 b3 42. axb3 axb3 43. Rc1 0-1

[Event "Kurpfalz Seniors op 05th"]
[Site "Ludwigshafen"]
[Date "1999.??.??"]
[Round "?"]
[White "Tessmer, Herbert"]
[Black "Hassloecher, Karl Heinz"]
[Result "1-0"]
[WhiteElo "1860"]
[BlackElo "1330"]
[PlyCount "87"]
[EventDate "1999.10.09"]
[EventType "swiss"]
[EventRounds "7"]
[EventCountry "GER"]
[SourceTitle "EXT 2007"]
[Source "ChessBase"]
[SourceDate "2006.11.23"]
[SourceVersion "1"]
[SourceVersionDate "2006.11.23"]
[SourceQuality "1"]

1. e4 b6 2. d4 Bb7 3. Nc3 e6 4. Nf3 Bb4 5. Bd3 Nf6 6. Qe2 Nc6 7. 0-0 0-0 8. Bg5 Be7 9. a3 h6 10. Be3 d6 11. Rad1 Ng4 12. Bf4 Qd7 13. h3 Nf6 14. e5 Nd5 15. Nxd5 exd5 16. Bb5 Qe6 17. c4 a6 18. cxd5 Qxd5 19. Bc4 Qa5 20. Bd2 Qa4 21. b3 Qxa3 22. Ra1 Qb2 23. Rfb1 Nxd4 24. Rxb2 Nxe2+ 25. Bxe2 dxe5 26. Bc3 e4 27. Nd2 Rae8 28. Bxa6 Bd5 29. Bc4 Bc6 30. Be5 Bd8 31. Bd4 b5 32. Be2 f5 33. Ra5 b4 34. Bc4+ Kh7 35. Bc5 Be7 36. Bxe7 Rxe7 37. Rc5 Ba8 38. Be2 c6 39. Ra2 g6 40. Ra4 Rd7 41. Nc4 Re7 42. Rca5 Ree8 43. Ra7+ Kh8 44. Nb6 1-0

[Event "Kurpfalz Seniors op 05th"]
[Site "Ludwigshafen"]
[Date "1999.??.??"]
[Round "?"]
[White "Voelpel, Friedrich"]
[Black "Tessmer, Herbert"]
[Result "1-0"]
[WhiteElo "1730"]
[BlackElo "1860"]
[PlyCount "65"]
[EventDate "1999.10.09"]
[EventType "swiss"]
[EventRounds "7"]
[EventCountry "GER"]
[SourceTitle "EXT 2007"]
[Source "ChessBase"]
[SourceDate "2006.11.23"]
[SourceVersion "1"]
[SourceVersionDate "2006.11.23"]
[SourceQuality "1"]

1. c4 Nf6 2. Nc3 c5 3. e4 Nc6 4. d3 g6 5. f4 d6 6. Nf3 Bg4 7. Be2 Bg7 8. Be3 0-0 9. 0-0 Nd7 10. h3 Bxf3 11. Bxf3 Nd4 12. a3 Rb8 13. Rb1 e6 14. g3 a6 15. Bg2 f5 16. Ne2 Nc6 17. h4 Nf6 18. Bh3 Qe7 19. Bg2 Ng4 20. Bd2 Nd4 21. b4 Kh8 22. bxc5 dxc5 23. Bh3 Nxe2+ 24. Qxe2 Bd4+ 25. Kg2 h5 26. Bxg4 hxg4 27. Rb6 Rf6 28. e5 Rf7 29. Rfb1 Rd8 30. a4 Rd7 31. a5 Rh7 32. Be3 Kg8 33. Kf1 1-0